Valve design / (Record no. 3948)

000 -LEADER
fixed length control field 00329nam a22001217a 4500
008 - FIXED-LENGTH DATA ELEMENTS--GENERAL INFORMATION
fixed length control field 200708b ||||| |||| 00| 0 eng d
082 00 - DEWEY DECIMAL CLASSIFICATION NUMBER
Classification number 621.84
Item number P3613
245 10 - TITLE STATEMENT
Title Valve design /
260 ## - PUBLICATION, DISTRIBUTION, ETC. (IMPRINT)
Place of publication, distribution, etc London
Name of publisher, distributor, etc Mech Engg. Publications
Date of publication, distribution, etc 1978
300 ## - PHYSICAL DESCRIPTION
Extent 358 p.
650 #0 - SUBJECT ADDED ENTRY--TOPICAL TERM
Topical term or geographic name as entry element Valves
General subdivision Design and construction
942 ## - ADDED ENTRY ELEMENTS (KOHA)
Item type Books
Holdings
Withdrawn status Lost status Source of classification or shelving scheme Damaged status Not for loan Permanent location Current location Date acquired Full call number Barcode Date last seen Koha item type
          IMU Kolkata IMU Kolkata 2020-07-08 621.84 P3613 07126 2020-07-08 Books
Designed and Maintained by IMU-KC Library, Kolkata Campus © Copyright All Rights Reserved

webs counters

Powered by Koha